British journal of industrial medicine / (Record no. 549)
[ view plain ]
| 000 -LEADER | |
|---|---|
| campo de control de longitud fija | 00920nas a2200253 i 4500 |
| 001 - NÚMERO DE CONTROL | |
| campo de control | 549 |
| 003 - IDENTIFICADOR DE NÚMERO DE CONTROL | |
| campo de control | ES-MaACL |
| 005 - FECHA Y HORA DE LA ÚLTIMA TRANSACCIÓN | |
| campo de control | 20250807062528.0 |
| 007 - CAMPO FIJO DE DESCRIPCIÓN FÍSICA--INFORMACIÓN GENERAL | |
| campo de control de longitud fija | t| |
| 008 - DATOS DE LONGITUD FIJA--INFORMACIÓN GENERAL | |
| campo de control de longitud fija | 950801d19441993xxk | | 1 ||ng d |
| 080 ## - NÚMERO DE LA CLASIFICACIÓN DECIMAL UNIVERSAL | |
| Número de la Clasificación Decimal Universal | 410 |
| 245 00 - MENCIÓN DEL TÍTULO | |
| Título | British journal of industrial medicine / |
| Mención de responsabilidad, etc. | editor Donald Hunter ... ; appointed by the British Medical Association and the Association of Industrial Medical Officers. |
| 260 ## - PUBLICACIÓN, DISTRIBUCIÓN, ETC. | |
| Lugar de publicación, distribución, etc. | London : |
| Nombre del editor, distribuidor, etc. | British Medical Journal, |
| Fecha de publicación, distribución, etc. | 1944-1993 ( |
| Fabricante | William Clowes and Sons) |
| 300 ## - DESCRIPCIÓN FÍSICA | |
| Extensión | 2 v. : |
| Otras características físicas | grab ; |
| Dimensiones | 27 cm. |
| 310 ## - PERIODICIDAD ACTUAL | |
| Periodicidad actual | Trimestral |
| 362 0# - FECHAS DE PUBLICACIÓN Y/O DESIGNACIÓN SECUENCIAL | |
| Fecha de publicación y/o designación secuencial | Vol. 1, nº. 1 (Jan. 1944)-v. 50, nº. 12 (Dec. 1993) |
| 650 17 - PUNTO DE ACCESO ADICIONAL DE MATERIA--TÉRMINO DE MATERIA | |
| Término de materia o nombre geográfico como elemento de entrada | Medicina |
| Fuente del encabezamiento o término | embne |
| 9 (RLIN) | 14891 |
| 700 1# - ENTRADA AGREGADA--NOMBRE PERSONAL | |
| Nombre de persona | Hunter, Donald. |
| 9 (RLIN) | 64746 |
| 710 2# - ENTRADA AGREGADA--NOMBRE DE ENTIDAD CORPORATIVA | |
| Nombre de entidad corporativa o nombre de jurisdicción como elemento de entrada | British Medical Association (Londres) |
| 9 (RLIN) | 2245 |
| 710 00 - ENTRADA AGREGADA--NOMBRE DE ENTIDAD CORPORATIVA | |
| Nombre de entidad corporativa o nombre de jurisdicción como elemento de entrada | Association of Industrial Medical Officers ( |
| Sede del congreso/Lugar de la reunión | Londres) |
| 9 (RLIN) | 1829 |
| 852 ## - LOCALIZACIÓN | |
| Ubicación | ES-MaACL |
| Número de control de estantería | Hem-460 |
| 866 #0 - MENCIÓN TEXTUAL DE FONDOS--UNIDAD BIBLIOGRÁFICA BÁSICA | |
| Fondos | 1946-47. |
| Estatus retirado | Estado de pérdida | Estado de daño | No para préstamo | Colección | Biblioteca de origen | Biblioteca actual | Ubicación en estantería | Fecha de adquisición | Fuente de adquisición | Total de préstamos | Signatura topográfica completa | Código de barras | Visto por última vez | Precio de reemplazo | Tipo de ítem Koha |
|---|---|---|---|---|---|---|---|---|---|---|---|---|---|---|---|
| Periódicos y Revistas | Biblioteca del Ateneo de Madrid | Biblioteca del Ateneo de Madrid | Depósito 1 | 17/01/2008 | Hem-460 | 1000562 | 23/02/2023 | 23/02/2023 | Revista |
